[Event "23rd Liechtenstein Open"]
[Site "Triesen LIE"]
[Date "2005.05.06"]
[Round "8"]
[White "Ferster,F"]
[Black "Wallis,A"]
[Result "1/2-1/2"]
[WhiteElo "2032"]
[BlackElo "2200"]

1.e4 c5 2.Nf3 d6 3.d4 cxd4 4.Nxd4 Nf6 5.Nc3 a6 6.Be3 e6 7.f3 Qc7 8.Qd2 Nc6
9.g4 Be7 10.O-O-O Nd7 11.g5 b5 12.Kb1 Nxd4 13.Qxd4 O-O 14.h4 Bb7 15.h5 Rac8
16.h6 e5 17.Qd2 g6 18.Bh3 b4  1/2-1/2

[Event "FSIM May"]
[Site "Budapest HUN"]
[Date "2005.05.07"]
[Round "1"]
[White "Erdelyi,Z"]
[Black "Katsuhara,O"]
[Result "1-0"]
[WhiteElo "2264"]
[BlackElo "2106"]

1.e4 c5 2.Nf3 d6 3.d4 cxd4 4.Nxd4 Nf6 5.Nc3 a6 6.Be3 e6 7.a4 Nc6 8.Be2 Be7
9.O-O O-O 10.f4 Qc7 11.Kh1 Re8 12.Bf3 Bd7 13.Nb3 e5 14.f5 Nb4 15.g4 Bc6 16.g5 Nd7
17.Qd2 Nb6 18.Na5 Bd7 19.f6 Bf8 20.Bxb6 Qxb6 21.Nc4 Qc7 22.fxg7 Kxg7 23.Ne3 Be7
24.Nf5+ Bxf5 25.exf5 Kh8 26.f6 Bf8 27.Nd5 Nxd5 28.Qxd5 Rab8 29.Be4 Qd7 30.Rf3 Qe6
31.Qd3 Rbd8 32.Rh3 h6 33.Bf5 e4 34.Bxe6 exd3 35.Bxf7 d2 36.Bxe8 Rxe8 37.Rg1 d5
38.Rd3 Re2 39.g6  1-0

[Event "10th Open"]
[Site "Stuttgart GER"]
[Date "2005.05.07"]
[Round "5"]
[White "Eisele,S"]
[Black "Bogner,S"]
[Result "0-1"]
[WhiteElo "2214"]
[BlackElo "2409"]

1.e4 c5 2.Nf3 d6 3.d4 cxd4 4.Nxd4 Nf6 5.Nc3 a6 6.Be3 e5 7.Nb3 Be6 8.f3 Nbd7
9.Qd2 b5 10.O-O-O Be7 11.g4 Nb6 12.Qf2 Nfd7 13.Kb1 Nc4 14.Nd5 Bxd5 15.exd5 O-O
16.h4 Bxh4 17.Rxh4 Nxe3 18.Bd3 h6 19.Rg1 Nxd5 20.g5 Nf4 21.gxh6 g6 22.Be4 Rc8
23.Rd1 Nf6 24.Bb7 Rb8 25.Bxa6 Rb6 26.h7+ Kh8 27.Bc8 Qc7 28.Bh3 Ra8 29.Bf1 d5
30.Rh2 d4 31.Bd3 Qa7 32.Nc1 N6d5 33.Be4 b4 34.Bxd5 Nxd5 35.Qe2 Nc3+ 36.bxc3 bxc3+
37.Ka1 Qa3  0-1

[Event "GM"]
[Site "Ostrava CZE"]
[Date "2005.05.08"]
[Round "9"]
[White "Simacek,P"]
[Black "Czakon,J"]
[Result "0-1"]
[WhiteElo "2421"]
[BlackElo "2447"]

1.e4 c5 2.Nf3 d6 3.d4 cxd4 4.Nxd4 Nf6 5.Nc3 a6 6.Be3 e6 7.f3 Be7 8.Qd2 O-O
9.O-O-O Nc6 10.g4 Nxd4 11.Qxd4 Nd7 12.h4 Ne5 13.Rh3 b5 14.Kb1 Nc6 15.Qd2 Qa5
16.Qf2 Rb8 17.f4 Bd7 18.e5 d5 19.Ne2 Nb4 20.Nc1 Rfc8 21.Rd2 f6 22.exf6 Bxf6
23.Bd4 Bxd4 24.Qxd4 Nc6 25.Qd3 Rf8 26.f5 Rbd8 27.h5 exf5 28.h6 g6 29.Qxd5+ Rf7
30.Rc3 Be8 31.Qe6 fxg4 32.Bg2 Ne7 33.Rf2 b4 34.Rxf7 Bxf7 35.Qxe7 bxc3 36.Qf6 Bxa2+
37.Ka1 Bb3+ 38.Kb1 Bxc2+ 39.Kxc2 Rd2+ 40.Kb3 Qb5+ 41.Ka3 Qxb2+ 42.Ka4 Qb5+
43.Ka3 Qc5+ 44.Ka4 Rd4+ 45.Kb3 Qb4+  0-1

[Event "Torch Real Estate Cup"]
[Site "Wuxi CHN"]
[Date "2005.05.08"]
[Round "7"]
[White "Wang Hao"]
[Black "Wei Chenpeng"]
[Result "1-0"]
[WhiteElo "2484"]
[BlackElo "2406"]

1.e4 c5 2.Nf3 d6 3.d4 cxd4 4.Nxd4 Nf6 5.Nc3 a6 6.Be3 e5 7.Nb3 Be6 8.f3 Be7
9.Qd2 h5 10.Nd5 Nxd5 11.exd5 Bf5 12.Be2 Nd7 13.O-O O-O 14.Na5 Qc8 15.c3 Bg6
16.b4 f5 17.Bg5 Bf6 18.c4 f4 19.Bxf6 gxf6 20.g3 fxg3 21.hxg3 Kg7 22.Kf2 Qc7
23.Qe3 f5 24.Rh1 Rad8 25.Qa7 Rb8 26.Rh4 Rf7 27.Qe3 Re8 28.Rah1 Nf6 29.a3 Rfe7
30.Bd1 b5 31.Qg5 bxc4 32.Rxh5 Nxh5 33.Rxh5 Rf7 34.Qh6+ Kf6 35.Qg5+ Kg7 36.Qh6+ Kf6
37.Bc2 Qb6+ 38.Kg2 Rg8 39.Nc6 Qxc6 40.Rxf5+ Ke7 41.Rxf7+ Kxf7 42.Bxg6+ Rxg6
43.Qxg6+  1-0

[Event "FSIM May"]
[Site "Budapest HUN"]
[Date "2005.05.10"]
[Round "4"]
[White "Erdelyi,Z"]
[Black "Hasanova,E"]
[Result "1-0"]
[WhiteElo "2264"]
[BlackElo "2282"]

1.e4 c5 2.Nf3 d6 3.d4 cxd4 4.Nxd4 Nf6 5.Nc3 a6 6.Be3 e5 7.Nb3 Be6 8.f3 Nbd7
9.g4 Be7 10.Qd2 Nb6 11.O-O-O O-O 12.Kb1 Nfd7 13.h4 Qc7 14.g5 Rfc8 15.h5 Nc4
16.Bxc4 Qxc4 17.f4 exf4 18.Bxf4 Ne5 19.Nd4 b5 20.Nf5 Bf8 21.Nxd6 Bxd6 22.Qxd6 b4
23.Qxe5 bxc3 24.b3 Qb4 25.h6 Qf8 26.hxg7 Qxg7 27.Qxg7+ Kxg7 28.Be5+ Kg8 29.Bf6 Rab8
30.Rxh7  1-0

[Event "Torch Real Estate Cup"]
[Site "Wuxi CHN"]
[Date "2005.05.10"]
[Round "9"]
[White "Yu Lie"]
[Black "Chen Fan"]
[Result "1/2-1/2"]
[WhiteElo "2328"]
[BlackElo "2354"]

1.e4 c5 2.Nf3 d6 3.d4 cxd4 4.Nxd4 Nf6 5.Nc3 a6 6.Be3 e5 7.Nb3 Be6 8.f3 h5
9.Nd5 Bxd5 10.exd5 Nbd7 11.Qd2 g6 12.Be2 Bg7 13.O-O O-O 14.Na5 Qc7 15.c4 b6
16.Nc6 Nb8 17.Nb4 Nbd7 18.Rac1 Nc5 19.Nc6 a5 20.b3 Nfd7 21.Bd1 Nb8 22.Nxb8 Rfxb8
23.a3 Nd7 24.Bc2 Qd8 25.Rce1 b5 26.Bd3 b4 27.a4 Rc8 28.Qf2 f5 29.g4 f4 30.Bd2 hxg4
31.Bxg6 Qg5 32.Bc2 gxf3+ 33.Kh1 Qg2+ 34.Qxg2 fxg2+ 35.Kxg2 Nc5 36.Kf3 Kf7
37.h4 Bf6 38.h5 Rg8 39.Rg1 Bh4 40.Ref1 Rxg1 41.Rxg1 Bg3 42.Be3 e4+ 43.Ke2 Rh8
44.Bxc5 dxc5 45.Bxe4 Rxh5  1/2-1/2

[Event "Torch Real Estate Cup"]
[Site "Wuxi CHN"]
[Date "2005.05.10"]
[Round "9"]
[White "Al Modiahki,M"]
[Black "Wang Yaoyao"]
[Result "0-1"]
[WhiteElo "2569"]
[BlackElo "2456"]

1.e4 c5 2.Nf3 d6 3.d4 cxd4 4.Nxd4 Nf6 5.Nc3 a6 6.Be3 e5 7.Nb3 Be6 8.f3 h5
9.Qd2 Nbd7 10.Nd5 Bxd5 11.exd5 g6 12.Be2 Bg7 13.O-O O-O 14.Na5 Qc7 15.c4 Rfe8
16.b4 b6 17.Nc6 Nb8 18.b5 Nbd7 19.a4 a5 20.Rae1 Nc5 21.Bd1 Nfd7 22.Bc2 e4
23.fxe4 Ne5 24.Qe2 Rf8 25.h3 Rae8 26.Bg5 Kh7 27.Kh1 Qd7 28.Bf6 Bxf6 29.Rxf6 Kg7
30.Ref1 Qc7 31.Qf2 Ncd7 32.Rf4 Nc5 33.Qg3 Ncd7 34.Bd1 Nxc4 35.Qc3+ Nce5 36.Rxf7+ Rxf7
37.Rxf7+ Kg8 38.Re7 Qc8 39.Bxh5 Kf8 40.Rxe8+ Qxe8 41.Bf3 Nc5 42.Qe3 Kg7 43.Nd4 Nxa4
44.Qg5 Kf7 45.Qf4+ Kg8 46.Qf6 Qf8 47.Qe6+ Kh7 48.h4 Nc5 49.Qh3 a4 50.h5 g5
51.Be2 Qf4 52.Qf5+ Qxf5 53.exf5 g4 54.f6 Ne4 55.f7 Kg7 56.Kg1 Kxf7 57.Nc6 a3
58.Nb4 Nc3 59.Kf2 Kg7 60.Ke1 Kh6 61.Kd2 Nxd5 62.Na2 Kxh5 63.g3 Kg5 64.Bd1 Nf6
65.Ke3 Nh5 66.Kf2 Nd3+ 67.Kg2 d5 68.Bb3 d4 69.Bf7 Nf6 70.Bb3 Ne4 71.Bc4 Nc3  0-1

[Event "FSIM May"]
[Site "Budapest HUN"]
[Date "2005.05.11"]
[Round "5"]
[White "Charleshouse,G"]
[Black "Katsuhara,O"]
[Result "0-1"]
[WhiteElo "2212"]
[BlackElo "2106"]

1.e4 c5 2.Nf3 d6 3.d4 cxd4 4.Nxd4 Nf6 5.Nc3 a6 6.Be3 e6 7.g4 h6 8.Bg2 Qc7
9.h3 Nc6 10.Qe2 Bd7 11.O-O-O Nxd4 12.Bxd4 Be7 13.f4 e5 14.Be3 exf4 15.Bxf4 Be6
16.Nd5 Bxd5 17.exd5 Kf8 18.Kb1 Nd7 19.h4 Bf6 20.g5 Be5 21.gxh6 gxh6 22.Bc1 Nb6
23.Rhf1 Na4 24.Rd3 f6 25.Bh3 Qg7 26.Qh5 Ke7 27.Rdd1 Qf7 28.Qf3 Kd8 29.Rg1 b5
30.Be6 Qh7 31.Bf5 Qc7 32.Rg6 b4 33.Rdg1 Qc4 34.Bd3 Nc3+ 35.bxc3 Qxc3 36.Rg8+ Rxg8
37.Rxg8+ Ke7 38.Rg7+ Kf8 39.Rf7+ Kxf7 40.Bg6+ Kxg6  0-1

[Event "Torch Real Estate Cup"]
[Site "Wuxi CHN"]
[Date "2005.05.11"]
[Round "10"]
[White "Xu Yang"]
[Black "Wu Xibin"]
[Result "0-1"]
[WhiteElo "2366"]
[BlackElo "2390"]

1.e4 c5 2.Nf3 d6 3.d4 Nf6 4.Nc3 cxd4 5.Nxd4 a6 6.Be3 Ng4 7.Bc1 Nf6 8.Be2 e6
9.O-O Be7 10.f4 O-O 11.Kh1 Qc7 12.a4 Nc6 13.Be3 Re8 14.Bf3 Bd7 15.Qd2 Nxd4
16.Bxd4 e5 17.Bg1 b5 18.f5 Bc6 19.axb5 axb5 20.b4 Qb7 21.Qd3 Red8 22.Ra5 Nxe4
23.Bxe4 d5 24.f6 dxe4 25.Qg3 Bf8 26.Bc5 g6 27.Bxf8 Kxf8 28.Rxa8 Qxa8 29.Qe3 Ke8
30.Qc5 Rd7 31.Nxb5 e3 32.Nd6+ Kf8 33.Nc8+ Kg8 34.Nb6 e2 35.Re1 Rd1  0-1

[Event "Torch Real Estate Cup"]
[Site "Wuxi CHN"]
[Date "2005.05.12"]
[Round "11"]
[White "Ji Dan"]
[Black "Liu Qingnan"]
[Result "1-0"]
[WhiteElo "2226"]
[BlackElo "2322"]

1.e4 c5 2.Nf3 d6 3.d4 cxd4 4.Nxd4 Nf6 5.Nc3 a6 6.Be3 e6 7.a4 d5 8.e5 Nfd7
9.f4 Nc6 10.Qd2 Bb4 11.Bd3 O-O 12.O-O Nc5 13.Qf2 Nxd3 14.cxd3 f6 15.Nxc6 bxc6
16.Bc5 Bxc5 17.Qxc5 Rb8 18.b4 Qb6 19.Qxb6 Rxb6 20.Rab1 a5 21.bxa5 Ra6 22.Rb6 d4
23.Ne4 Rxa5 24.Rxc6 fxe5 25.fxe5 Bb7 26.Rxf8+ Kxf8 27.Rc4 Rxe5 28.Rxd4 Ba6
29.Kf2 Bxd3 30.Rxd3 Rxe4 31.Ra3 Rc4 32.a5 Rc7 33.a6 Ra7 34.Ke3 Ke7 35.Kd4 Kd6
36.Ke4 g5 37.g4 h6 38.h3 Ke7 39.Ke5 Kd7 40.Kf6 Kd6 41.Kg6 e5 42.Kxh6 e4 43.Kxg5 Ke5
44.h4 Kd4 45.h5 e3 46.Ra2 Kd3 47.h6 e2 48.Rxe2 Kxe2 49.Kh5 Kf3 50.g5 Kf4
51.g6 Rxa6 52.g7 Ra5+ 53.Kg6 Ra6+ 54.Kh7 Ra7 55.Kh8  1-0

[Event "Torch Real Estate Cup"]
[Site "Wuxi CHN"]
[Date "2005.05.12"]
[Round "11"]
[White "Zhang Zhong"]
[Black "Lin Weiguo"]
[Result "1/2-1/2"]
[WhiteElo "2599"]
[BlackElo "2448"]

1.e4 c5 2.Nf3 d6 3.d4 cxd4 4.Nxd4 Nf6 5.Nc3 a6 6.Be3 e5 7.Nf3 Qc7 8.a4 Be7
9.a5 O-O 10.Be2 Nbd7 11.Nd2 b5 12.axb6 Nxb6 13.O-O Bb7 14.Bxb6 Qxb6 15.Nc4 Qc7
16.Ne3 Rfc8 17.Ra4 a5 18.Qa1 Bc6 19.Bb5 Bxb5 20.Nxb5 Qb7 21.Nc3 Nd7 22.Ncd5 Bd8
23.Rd1 Nc5 24.Rc4 g6 25.Nc3 Bg5 26.Ned5 h5 27.b3 Bd8 28.Qa3 Kg7 29.Na4 Nxa4
30.Qxa4 Rxc4 31.Qxc4 Rc8 32.Qe2 Qc6 33.c3 a4 34.bxa4 Qxa4 35.Rb1 Qc4 36.Kf1 Qc6
37.Qb5 Qxb5+ 38.Rxb5 Ra8 39.Rb2 h4 40.Ke2 Ra1 41.h3 Rg1 42.Kf3 Re1 43.Rb7 Bg5
44.Rd7 Bc1 45.Rxd6 f5 46.Ne3 Bxe3 47.fxe3 Rf1+ 48.Ke2 Rg1 49.Kf2 Rc1  1/2-1/2

[Event "Huila Centenary"]
[Site "Neiva COL"]
[Date "2005.05.13"]
[Round "6"]
[White "Korneev,O"]
[Black "Dobrov,V"]
[Result "1/2-1/2"]
[WhiteElo "2611"]
[BlackElo "2521"]

1.e4 c5 2.Nf3 d6 3.d4 cxd4 4.Nxd4 Nf6 5.Nc3 a6 6.Be3 e6 7.f3 b5 8.Qd2 Nbd7
9.O-O-O Bb7 10.g4 Nb6 11.Qf2 Nfd7 12.Bd3 Rc8 13.Nce2 e5 14.Nf5 g6 15.Nfg3 d5
16.Kb1 Qc7 17.exd5 Nxd5 18.Ne4 Nxe3 19.Qxe3 Be7 20.h4 h5 21.gxh5 Rxh5 22.Ng5 Nc5
23.Ng3 Bxg5 24.hxg5 Rxh1 25.Rxh1 Nxd3 26.Qxd3 Qc4 27.Qd2 Bxf3 28.Rh8+ Ke7
29.Rxc8 Qxc8 30.Qe3 e4 31.Nxe4 Bxe4 32.Qxe4+  1/2-1/2

[Event "FSIM May"]
[Site "Budapest HUN"]
[Date "2005.05.14"]
[Round "8"]
[White "Katsuhara,O"]
[Black "Koneru,C"]
[Result "1/2-1/2"]
[WhiteElo "2106"]
[BlackElo "2305"]

1.e4 c5 2.Nf3 d6 3.d4 cxd4 4.Nxd4 Nf6 5.Nc3 a6 6.Be3 e5 7.Nb3 Be6 8.f3 h5
9.Be2 Nbd7 10.Nd5 Nxd5 11.exd5 Bf5 12.a4 Be7 13.Qd2 Rc8 14.c4 Bh4+ 15.g3 Bf6
16.a5 O-O 17.O-O Re8 18.Rfe1 Qc7 19.Ra3 Nc5 20.Nxc5 dxc5 21.Rd1 Red8 22.Bd3 Qd7
23.Qf2 Be7 24.Qc2 Bxd3 25.Raxd3 Bd6 26.Rb3 Rb8 27.Ra1 Re8 28.Qf2 Rec8 29.Kg2 Qf5
30.Rb6 Bc7 31.Rb3 Bd6 32.Re1 Qd7 33.Ra1 Qf5 34.Rc3 Qd7 35.Rcc1 Qe7 36.Rc3 Qc7
37.Rb3 Qd7  1/2-1/2

[Event "48th TCh-SCG"]
[Site "Herceg Novi SCG"]
[Date "2005.05.15"]
[Round "1"]
[White "Djukic,Ni"]
[Black "Vajdic,N"]
[Result "1-0"]
[WhiteElo "2509"]
[BlackElo "2242"]

1.e4 c5 2.Nf3 d6 3.d4 cxd4 4.Nxd4 Nf6 5.Nc3 a6 6.Be3 e6 7.g4 h5 8.g5 Ng4
9.Bc1 Be7 10.h3 Ne5 11.f4 Nec6 12.Nf3 g6 13.a4 O-O 14.Bg2 Nb4 15.O-O N8c6
16.Be3 d5 17.exd5 exd5 18.Ne2 Bf5 19.Ned4 Be4 20.Qd2 Rc8 21.f5 Nxd4 22.Nxd4 Nxc2
23.fxg6 Bxg6 24.Nxc2 Rxc2 25.Qxd5 Qxd5 26.Bxd5 Rxb2 27.Rae1 Rb4 28.Ba7 Bd8
29.Kh1 Bb6 30.Rf6 Bxa7 31.Rxg6+ Kh7 32.Rf6 Kg7 33.Re7 Bd4 34.Rf1 b6 35.Bxf7 Kh8
36.g6 Rxa4 37.Rf5 Ra5 38.Bd5 Rxf5 39.Rh7+  1-0

[Event "1st Rapid Open"]
[Site "Livry Gargan BEL"]
[Date "2005.05.15"]
[Round "1"]
[White "David,Alb"]
[Black "Verdier,P"]
[Result "1-0"]
[WhiteElo "2579"]
[BlackElo "2266"]

1.e4 c5 2.Nf3 d6 3.d4 cxd4 4.Nxd4 Nf6 5.Nc3 a6 6.Be3 e6 7.f3 b5 8.Qd2 Nbd7
9.O-O-O b4 10.Na4 Qc7 11.g4 h6 12.h4 Bb7 13.Bg2 Ne5 14.b3 d5 15.g5 Nfd7 16.exd5 Bxd5
17.f4 Ng4 18.Bxd5 exd5 19.Qe2 Nxe3 20.Qxe3+ Kd8 21.g6 Kc8 22.gxf7 Bd6 23.Ne6 Qc6
24.Rhg1 g5 25.hxg5 hxg5 26.fxg5 Rh2 27.Rd2 Rxd2 28.Qxd2 Kb7 29.g6 Be5 30.g7 Qxe6  1-0

[Event "48th TCh-SCG"]
[Site "Herceg Novi SCG"]
[Date "2005.05.17"]
[Round "3"]
[White "Perunovic,Mio"]
[Black "Kovacevic,A"]
[Result "0-1"]
[WhiteElo "2346"]
[BlackElo "2550"]

1.e4 c5 2.Nf3 d6 3.d4 cxd4 4.Nxd4 Nf6 5.Nc3 a6 6.Be3 e5 7.Nf3 Qc7 8.a4 Be7
9.Be2 O-O 10.O-O Nbd7 11.Bg5 h6 12.Bh4 g5 13.Bg3 Nc5 14.Nd2 Be6 15.Re1 Rad8
16.Bf3 Qb6 17.Qc1 Qc6 18.Nf1 Kh7 19.h3 g4 20.hxg4 Nxg4 21.Nd5 Bg5 22.Qd1 Nf6
23.c4 a5 24.Qc2 Kh8 25.b3 Qc8 26.Rad1 Nxd5 27.cxd5 Bd7 28.Ne3 b6 29.Nc4 Qc7
30.Ne3 Rg8 31.Kh2 Rc8 32.Rh1 Qd8 33.Nc4 Qc7 34.Ne3 Rg7 35.Nf5 Bxf5 36.exf5 Nd7
37.Qe2 Nf6 38.Kg1 Qc2 39.Bh4 Qxf5 40.Bxg5 Qxg5 41.g3 Rc3 42.Kg2 Rg6 43.Rd3 Rc5
44.Be4 Nxe4 45.Qxe4 Kg7 46.b4 f5 47.Qh4 Qxh4 48.Rxh4 Rc2 49.Rb3 f4 50.Kf3 axb4
51.Rxb4 Rc3+ 52.Ke4 fxg3 53.fxg3 Rgxg3 54.Kf5 Kf7 55.a5 Rcf3+ 56.Ke4 Kg6  0-1

[Event "ch-UKR w"]
[Site "Alushta UKR"]
[Date "2005.05.18"]
[Round "3"]
[White "Dolzhikova,K"]
[Black "Zdebskaja,N"]
[Result "0-1"]
[WhiteElo "2232"]
[BlackElo "2344"]

1.e4 c5 2.Nf3 d6 3.d4 cxd4 4.Nxd4 Nf6 5.Nc3 a6 6.Be3 Ng4 7.Bg5 h6 8.Bh4 g5
9.Bg3 Bg7 10.Be2 h5 11.h4 Nc6 12.Nb3 gxh4 13.Bxh4 Be6 14.Qd2 Qb6 15.Bxg4 hxg4
16.O-O-O Rc8 17.Bg5 Bxb3 18.Rxh8+ Bxh8 19.cxb3 Qb4 20.Re1 Na7 21.Re3 Nb5
22.Kc2 Qa5 23.Bf4 Bxc3 24.bxc3 Qxa2+ 25.Kd1 Qxb3+ 26.Ke2 Rxc3  0-1

[Event "48th TCh-SCG"]
[Site "Herceg Novi SCG"]
[Date "2005.05.20"]
[Round "6"]
[White "Pavlovic,Neb"]
[Black "Tadic,B"]
[Result "1/2-1/2"]
[WhiteElo "2284"]
[BlackElo "2495"]

1.e4 d6 2.Nf3 Nf6 3.Nc3 c5 4.d4 cxd4 5.Nxd4 a6 6.Be3 e5 7.Nb3 Be6 8.f3 Be7
9.Qd2 O-O 10.O-O-O Nbd7 11.g4 b5 12.g5 b4 13.Na4 Nh5 14.Rg1 Qb8 15.Na5 Rc8
16.b3 Nf4 17.h4 Qc7 18.Nc4 Rab8 19.Kb1 Rb5 20.Bxf4 exf4 21.Qxf4 Ne5 22.Nab2 Rc5
23.Qe3 a5 24.f4 Nxc4 25.Bxc4 a4 26.f5 Bxc4 27.Nxc4 Bf8 28.Rg2 Qa7 29.h5 Qa6
30.g6 d5 31.exd5 Qf6 32.gxf7+ Qxf7 33.Qe6 Re8 34.Qxf7+ Kxf7 35.Rf2 a3 36.c3 bxc3
37.Kc2 Rd8 38.d6 Kf6 39.Re1 Rxf5 40.Rxf5+ Kxf5  1/2-1/2

[Event "VII Open"]
[Site "Salou ESP"]
[Date "2005.05.20"]
[Round "1"]
[White "Goettin,G"]
[Black "Shchekachev,A"]
[Result "0-1"]
[WhiteElo "2023"]
[BlackElo "2526"]

1.e4 c5 2.Nf3 d6 3.d4 Nf6 4.Nc3 cxd4 5.Nxd4 a6 6.Be3 Nc6 7.f3 e6 8.Qd2 Be7
9.g4 O-O 10.O-O-O Nxd4 11.Bxd4 b5 12.Kb1 Nd7 13.Rg1 Qc7 14.g5 b4 15.Na4 Bb7
16.b3 d5 17.exd5 Bxd5 18.Bd3 Nc5 19.Nxc5 Bxc5 20.Bxc5 Qxc5 21.f4 Rfd8 22.Qe2 a5
23.Be4 Bxe4 24.Qxe4 Rd5 25.Rge1 Rad8 26.Rxd5 Rxd5 27.h4 g6 28.h5 gxh5 29.Qe2 Qc3
30.Rd1 Rxd1+ 31.Qxd1 h4 32.Qd8+ Kg7 33.Qxa5 h3  0-1

[Event "ch-UKR sf"]
[Site "Alushta UKR"]
[Date "2005.05.21"]
[Round "6"]
[White "Zhornik,N"]
[Black "Pavlov,Ma"]
[Result "0-1"]
[WhiteElo "2255"]
[BlackElo "2319"]

1.e4 c5 2.Nf3 d6 3.d4 cxd4 4.Nxd4 Nf6 5.Nc3 a6 6.Be3 e5 7.Nb3 Be6 8.f3 Be7
9.Qd2 O-O 10.O-O-O b5 11.g4 Nbd7 12.g5 Nh5 13.Nd5 Bxd5 14.exd5 f5 15.gxf6 Bxf6
16.Kb1 Qc7 17.c4 bxc4 18.Rc1 Nb6 19.Na5 Kh8 20.Nxc4 Nxc4 21.Rxc4 Qd7 22.Bd3 Rab8
23.Be4 Bd8 24.Rc6 a5 25.Rhc1 Nf6 26.Qc2 Nxe4 27.fxe4 Kg8 28.a3 Rf3 29.Rc8 Rxc8
30.Qxc8 Qxc8 31.Rxc8 Rxe3 32.Rxd8+ Kf7 33.Rd7+ Kf8 34.Ra7 Rxe4 35.Rxa5 Rd4
36.Rb5 g5 37.Kc2 Rh4 38.Kd3 Rxh2 39.a4 Rh1 40.a5 Ra1 41.b4 g4 42.Ke2 h5 43.Rb7 h4
44.Rh7 h3 45.Kf2 Ra3 46.Kg1 e4 47.b5 e3 48.b6 g3 49.Rxh3  0-1

[Event "48th TCh-SCG"]
[Site "Herceg Novi SCG"]
[Date "2005.05.21"]
[Round "7"]
[White "Kalezic,B"]
[Black "Kovacevic,A"]
[Result "1/2-1/2"]
[WhiteElo "2445"]
[BlackElo "2550"]

1.e4 c5 2.Nf3 d6 3.d4 cxd4 4.Nxd4 Nf6 5.Nc3 a6 6.Be3 Nc6 7.f3 e6 8.Qd2 Be7
9.O-O-O O-O 10.g4 Nxd4 11.Qxd4 b5 12.h4 Nd7 13.g5 Qa5 14.Kb1 b4 15.Ne2 e5
16.Qd2 Nc5 17.Nc1 Be6 18.Bh3 Rad8 19.g6  1/2-1/2

[Event "TCh-ROM A"]
[Site "Tusnad ROM"]
[Date "2005.05.21"]
[Round "1"]
[White "Butunoi,A"]
[Black "Barnaure,V"]
[Result "1-0"]
[WhiteElo "2395"]
[BlackElo "2439"]

1.e4 c5 2.Nf3 d6 3.d4 Nf6 4.Nc3 cxd4 5.Nxd4 a6 6.Be3 e5 7.Nb3 Be6 8.Qd2 Be7
9.f3 Nbd7 10.O-O-O Rc8 11.g4 Nb6 12.Qf2 Nc4 13.Bxc4 Bxc4 14.h4 O-O 15.Kb1 b5
16.g5 Nh5 17.Nd5 Bxd5 18.Rxd5 f5 19.Nd2 Qc7 20.c3 Qb7 21.Qg2 g6 22.Rd1 Rf7
23.Qe2 Bf8 24.Qd3 Qd7 25.exf5 Qxf5 26.Qxf5 gxf5 27.a4 Rb7 28.axb5 Rxb5 29.Rxb5 axb5
30.Kc2 d5 31.Kb3 b4 32.c4 d4 33.Bg1 Kf7 34.Ra1 Re8 35.Ra7+ Re7 36.Ra5 Nf4
37.c5 Rc7 38.Kc4 Ne6 39.Nb3 f4 40.Bf2 Nd8 41.Kd5 Rd7+ 42.Ke4 Rc7 43.Rb5 Ne6
44.Kxe5 d3 45.Ke4 Bxc5 46.Be1 Be3 47.Kxd3 Rd7+ 48.Ke4 Kg6 49.Bxb4 Kh5 50.Re5 Nd4
51.Nc5 Rf7 52.Be1 Ra7 53.Ne6 Nc6 54.Rf5 h6 55.Nxf4+ Bxf4 56.Kxf4 Nd4 57.Rf6 hxg5+
58.hxg5  1-0

[Event "ch-ARM w"]
[Site "Yerevan ARM"]
[Date "2005.05.22"]
[Round "9"]
[White "Mkrtchian,L"]
[Black "Andriasian,S"]
[Result "1-0"]
[WhiteElo "2400"]
[BlackElo "2263"]

1.e4 c5 2.Nf3 d6 3.d4 cxd4 4.Nxd4 Nf6 5.Nc3 a6 6.Be3 e5 7.Nb3 Be6 8.f3 Nbd7
9.g4 Be7 10.g5 Nh5 11.Qd2 Nb6 12.O-O-O O-O 13.Rg1 Rc8 14.Kb1 Qc7 15.Qf2 Bd8
16.h4 g6 17.Rg2 Nc4 18.Bxc4 Bxc4 19.Qd2 Be7 20.Nd5 Bxd5 21.Qxd5 b5 22.Rc1 Qd7
23.Rh2 Qe6 24.Rd1 Qxd5 25.Rxd5 f6 26.Nd2 fxg5 27.Bxg5 Bxg5 28.hxg5 Rc6 29.a4 Nf4
30.axb5 Rb6 31.bxa6 Nxd5 32.exd5 Rxa6 33.c4 Rf5 34.Ne4 Rxf3 35.Nf6+ Rxf6
36.gxf6 h5 37.b4 Rb6 38.b5 Kf7 39.Kc2 Kxf6 40.Kd3 Rb8 41.Rf2+ Ke7 42.Ra2 Rb7
43.Ra8 h4 44.Rh8 g5 45.Rh7+  1-0

[Event "TCh-IRI"]
[Site "Tehran IRI"]
[Date "2005.05.26"]
[Round "1"]
[White "Alizadeh,G"]
[Black "Pashikian,A"]
[Result "0-1"]
[WhiteElo "2240"]
[BlackElo "2461"]

1.e4 c5 2.Nf3 d6 3.d4 cxd4 4.Nxd4 Nf6 5.Nc3 a6 6.Be3 e5 7.Nb3 Be6 8.Qd2 Be7
9.f3 O-O 10.g4 d5 11.exd5 Nxd5 12.Nxd5 Bh4+ 13.Bf2 Bxd5 14.Bg2 Bxb3 15.Qxd8 Bxf2+
16.Kxf2 Rxd8 17.Rhd1 Rc8 18.cxb3 Rc2+ 19.Ke3 Nc6 20.Rd2 Rxd2 21.Kxd2 Rd8+
22.Ke3 Nb4 23.Ke2 Nd3 24.Ke3 Nb4 25.Ke2 b5 26.Bf1 Rc8 27.a4 Rc2+ 28.Kd1 Rf2
29.Be2 Rxh2 30.Kd2 g6 31.axb5 axb5 32.Ra5 Nc6 33.Ra8+ Kg7 34.Ke3 Nd4 35.Bd1 Rh1
36.Kd2 h5 37.gxh5 gxh5 38.Re8 Kf6 39.Rh8 h4 40.f4 exf4 41.Bg4 Rg1 42.Kc3 Rxg4
43.Kxd4 f3+ 44.Ke3 Rb4 45.Kxf3 Rxb3+ 46.Kg4 Rxb2 47.Rh6+ Kg7 48.Rh5 Rb4+
49.Kf5 Rc4 50.Rg5+ Kf8 51.Kf6 Rc6+  0-1

[Event "TCh-IRI"]
[Site "Tehran IRI"]
[Date "2005.05.27"]
[Round "2"]
[White "Afshari,M"]
[Black "Ibrahimov,R"]
[Result "1/2-1/2"]
[WhiteElo "2226"]
[BlackElo "2511"]

1.e4 c5 2.Nf3 d6 3.d4 cxd4 4.Nxd4 Nf6 5.Nc3 a6 6.Be3 e5 7.Nb3 Be6 8.Qd2 Be7
9.f3 O-O 10.O-O-O Nbd7 11.g4 b5 12.g5 b4 13.Ne2 Ne8 14.f4 a5 15.f5 a4 16.fxe6 axb3
17.exf7+ Rxf7 18.Kb1 bxc2+ 19.Kxc2 Nb6 20.Nc1 d5 21.exd5 Nd6 22.Kb1 Nbc4
23.Bxc4 Nxc4 24.Qe2 Nxe3 25.Qxe3 Bxg5 26.Qb3 Qd6 27.Nd3 e4 28.Nxb4 Rf2 29.Rdf1 Rxf1+
30.Rxf1 Rb8 31.a3 Bd2 32.Qc4 Bxb4 33.axb4 Qxb4 34.Qxb4 Rxb4 35.d6 Rd4 36.Rf4 g5
37.Rg4 h6 38.h4 Kg7 39.hxg5 h5 40.Rh4 Kg6 41.d7 Kxg5 42.Rxe4 Rxd7 43.Kc2 h4
44.b4 h3 45.Re1 h2 46.Rh1 Rh7 47.Kc3 Kf4 48.Kc4 Kg3 49.b5 Kg2 50.Rxh2+ Rxh2
51.Kc5 Kf3 52.b6 Ke4 53.b7 Rb2 54.Kc6 Rxb7 55.Kxb7  1/2-1/2

[Event "TCh-BIH Prem"]
[Site "Neum BIH"]
[Date "2005.06.08"]
[Round "5"]
[White "Perunovic,Mil"]
[Black "Fercec,N"]
[Result "1-0"]
[WhiteElo "2549"]
[BlackElo "2504"]

1.e4 c5 2.Nf3 d6 3.d4 cxd4 4.Nxd4 Nf6 5.Nc3 a6 6.Be3 e5 7.Nb3 Be6 8.f3 Be7
9.Qd2 O-O 10.O-O-O Nbd7 11.g4 b5 12.g5 b4 13.Ne2 Ne8 14.f4 a5 15.f5 a4 16.fxe6 axb3
17.exf7+ Rxf7 18.Kb1 bxc2+ 19.Kxc2 Rxa2 20.Nc1 Qc7+ 21.Kb1 Ra8 22.Qd5 Rc8
23.Bd3 Qc6 24.Qxc6 Rxc6 25.Bb5 Rc7 26.Nd3 Bf8 27.Ba4 d5 28.Bb3 Rc4 29.exd5 Re4
30.Bd2 Bd6 31.Rhf1 Rd4 32.Rxf7 Kxf7 33.Kc2 Rh4 34.Ra1 e4 35.Rf1+ Kg8 36.Nf4 Rxh2
37.Kc1 Nc5 38.Bc4 b3 39.Bc3 Bxf4+ 40.Rxf4 Nd6 41.Bf1 Nd3+ 42.Bxd3 exd3 43.Bb4 Nf7
44.d6 Rc2+ 45.Kd1 Rc8 46.Rd4 Ne5 47.Re4 Nd7 48.Re7 Nf8 49.d7 Nxd7 50.Rxd7 Rc6
51.Rxd3 Rg6 52.Bd2  1-0

[Event "National Open Blitz"]
[Site "Las Vegas USA"]
[Date "2005.06.09"]
[Round "4.2"]
[White "Rensch,D"]
[Black "Matikozian,A"]
[Result "0-1"]
[WhiteElo "2360"]
[BlackElo "2515"]

1.e4 c5 2.Nf3 d6 3.d4 cxd4 4.Nxd4 Nf6 5.Nc3 a6 6.Be3 e5 7.Nb3 Be6 8.f3 Nbd7
9.g4 b5 10.g5 Nh5 11.Qd2 Nb6 12.O-O-O Nc4 13.Qf2 Nxe3 14.Qxe3 Be7 15.Rg1 Qc7
16.Nd5 Bxd5 17.Rxd5 O-O 18.Kb1 Rfc8 19.Rd2 b4 20.Bh3 Rcb8 21.Bg4 Nf4 22.h4 a5
23.h5 a4 24.Nc1 Bxg5 25.Bf5 h6 26.Rxg5 hxg5 27.Qg1 a3 28.Qxg5 axb2 29.Nd3 Qa7  0-1

[Event "TCh-IRI"]
[Site "Tehran IRI"]
[Date "2005.06.09"]
[Round "3"]
[White "Alizadeh,G"]
[Black "Afshari,M"]
[Result "1/2-1/2"]
[WhiteElo "2240"]
[BlackElo "2226"]

1.e4 c5 2.Nf3 d6 3.d4 cxd4 4.Nxd4 Nf6 5.Nc3 a6 6.Be3 e5 7.Nb3 Be6 8.Qd2 Nbd7
9.f3 h5 10.O-O-O Rc8 11.Kb1 Be7 12.g3 Qc7 13.f4 Nb6 14.Bxb6 Qxb6 15.f5 Bd7
16.Bd3 Bc6 17.h3 a5 18.a4 Qb4 19.Qe2 O-O 20.g4 d5 21.g5 dxe4 22.Bc4 Nh7 23.f6 gxf6
24.g6 Ng5 25.gxf7+ Kg7 26.h4 Bxa4 27.hxg5 Qxc4 28.Qxh5 Rh8 29.gxf6+ Bxf6
30.Qg4+ Kxf7 31.Rd7+ Bxd7 32.Qxd7+ Be7 33.Qf5+ Bf6 34.Qd7+ Be7 35.Qf5+  1/2-1/2

[Event "National Open"]
[Site "Las Vegas USA"]
[Date "2005.06.12"]
[Round "5"]
[White "Rensch,D"]
[Black "Matikozian,A"]
[Result "1-0"]
[WhiteElo "2360"]
[BlackElo "2515"]

1.e4 c5 2.Nf3 d6 3.d4 cxd4 4.Nxd4 Nf6 5.Nc3 a6 6.Be3 e5 7.Nb3 Be6 8.f3 Nbd7
9.g4 b5 10.g5 Nh5 11.Qd2 Nb6 12.Nd5 Bxd5 13.exd5 Rc8 14.Na5 Nxd5 15.Nb7 Nxe3
16.Nxd8 Nxc2+ 17.Kd1 Nxa1 18.Nxf7 Kxf7 19.Qd5+ Ke8 20.Qb7 Rc5 21.b4 Rc3 22.Qxa6 Be7
23.Qxb5+ Kf7 24.Qd5+ Kf8 25.Bc4 Ke8 26.Qa8+ Bd8 27.Qc6+ Kf8 28.Qxd6+  1-0

[Event "Open"]
[Site "Voronezh RUS"]
[Date "2005.06.13"]
[Round "2"]
[White "Kurenkov,N"]
[Black "Chukhno,I"]
[Result "1-0"]
[WhiteElo "2455"]
[BlackElo "2292"]

1.e4 c5 2.Nf3 d6 3.d4 cxd4 4.Nxd4 Nf6 5.Nc3 a6 6.Be3 e5 7.Nb3 Be6 8.f3 Be7
9.Qd2 Nbd7 10.g4 h6 11.O-O-O b5 12.h4 Nb6 13.Qf2 Nfd7 14.Kb1 Qc7 15.Nd5 Bxd5
16.exd5 Nc4 17.Bc1 Rb8 18.f4 exf4 19.Qxf4 Bf6 20.Bd3 Be5 21.Qf3 Ndb6 22.Rde1 Kd8
23.c3 Qb7 24.Rhf1 Rf8 25.Nd4 Bxd4 26.cxd4 Qxd5 27.Qe2 Qb7 28.b3 Nd5 29.Ka1 Ncb6
30.Bd2 Rc8 31.Ba5 Kc7 32.Be4 Kb8 33.Qf3 Rfe8 34.Bxb6 Qxb6 35.Bxd5 Qxd4+ 36.Kb1 Rxe1+
37.Rxe1 Qd2 38.Qd1  1-0